[Event "ISR-chT 2020"]
[Site "Israel"]
[Date "2020.02.14"]
[Round "7.29"]
[White "Haimovich, Tal"]
[Black "Aharonovich, Itamar"]
[Result "0-1"]
[WhiteElo "2402"]
[BlackElo "2214"]
[Annotator "TA"]
[PlyCount "172"]
[EventDate "2020.01.10"]
[EventType "team-tourn"]
[EventCountry "ISR"]
[SourceTitle "playchess.com"]
[Source "ChessBase"]
[SourceQuality "1"]

{[%evp 21,172,14,14,16,19,20,24,11,15,19,10,-14,-9,-12,-12,-31,-31,-47,-42,-32,0,-7,-10,0,0,0,0,0,0,0,34,26,57,57,57,58,58,59,69,61,62,55,45,39,36,39,48,35,35,36,48,44,44,37,43,16,30,37,29,11,22,12,51,11,54,18,18,18,12,11,11,5,12,6,22,11,22,0,0,0,4,4,4,4,4,6,12,12,12,12,12,8,12,8,15,12,21,17,25,24,29,24,41,34,77,47,83,83,126,0,0,0,0,0,0,0,0,0,0,0,0,0,0,0,0,-8,-8,-34,0,0,0,0,-5,-374,-345,-817,-5,-5,-5,-105,-105,-5632,-4066,-29989,-29990,-29990,-29989,-29989,-29989,-29989,-29990,-29996,-29997]} 1. e4 c5 2. Nf3 e6 3. d4 cxd4 4. Nxd4 Nc6 5. Nc3 Qc7 6. g3 a6 7. Bg2 Nf6 8. O-O Nxd4 9. Qxd4 Bc5 10. Qd3 d6 11. Bf4 {11.Na4 injects fresh life into this line.} Nd7 12. Na4 {B47: Sicilian: Taimanov: 5 Nc3 Qc7 6 f4, 6 g3 and 6 Be2.} e5 13. Bd2 Bd4 14. c3 {White has an edge.} Nc5 15. Nxc5 Bxc5 {[#]} 16. Rad1 $146 ({Predecessor:} 16. b4 Ba7 17. c4 Be6 18. Rfc1 O-O 19. Bf1 Bd4 20. Rab1 f5 21. Be3 fxe4 22. Qxe4 Bxe3 23. Qxe3 {½-½ (32) Kanovsky,D (2401)-Haba,P (2441) Czech Republic 2017}) 16... Be6 17. b3 O-O 18. Bc1 b5 19. Qe2 a5 20. Rfe1 b4 21. c4 $1 a4 22. Bf3 Qa7 23. Be3 axb3 24. axb3 Qa2 25. Qd3 Rfc8 26. Rd2 (26. Kg2 {is more complex.} h6 27. Rd2 Qa6 28. h3 Qb6 29. Bxc5 dxc5 30. Red1) 26... Qa7 {[#]} 27. Qxd6 $1 {[%mdl 512]} Bxd6 28. Bxa7 Be7 29. Be3 Ra3 30. Bd1 Rca8 31. f3 h5 32. h4 Kf8 33. Kf1 Ra1 34. Bc2 R1a2 35. Ke2 Rc8 36. Bd3 Ra3 37. Rb1 f6 38. Rc2 (38. Bc2 {keeps more tension.} Kf7 39. Rh1 Rca8 40. Re1 Ra2 41. Red1) 38... Bc5 39. Bxc5+ Rxc5 40. Rd2 Ke7 41. Bc2 Ra2 42. Bd1 Ra3 43. Rbb2 Rc6 44. Ke1 Rca6 45. Bc2 Ra1+ 46. Rd1 R1a3 47. Bd3 R6a5 48. Kd2 Kd6 49. Kc2 (49. Bb1 {with more complications.} g5 50. Rh1 g4 51. fxg4 Bxg4 52. Rf1) 49... Ra1 50. Be2+ (50. Rbb1 {feels hotter.} R1a2+ 51. Kc1 Kc5 52. Bc2 g5 53. Rb2) 50... Rxd1 51. Bxd1 $11 {[%mdl 4096] Endgame KRB-KRB} Ra1 52. Kd2 Kc5 53. Ke2 Kc6 54. Rd2 Kc7 55. Ke3 Rc1 56. Rd3 Bf7 57. f4 Rb1 58. Kd2 Rb2+ 59. Bc2 Ra2 60. Kc1 Ra1+ 61. Bb1 Ra6 62. Rf3 {Black must now prevent fxe5.} Bg6 63. Rf2 Ra1 {Hoping for ...Bxe4.} 64. f5 Be8 {[#]} 65. Kb2 (65. Ra2 $1 $16 {[%cal Ra2a1]} Rxa2 66. Bxa2) 65... Ra7 66. Rd2 Bc6 67. Bc2 Kb6 68. Rd8 Rd7 69. Rxd7 Bxd7 {KB-KB} 70. Bd1 Bc6 71. Bxh5 {Strongly threatening Bf3.} Bxe4 72. Bg6 $1 Bf3 73. Kc2 Kc5 74. Kd2 Kd4 {[%mdl 1024] Black has compensation.} 75. Bf7 e4 76. Be6 e3+ 77. Kc2 $2 {[%mdl 8192]} (77. Ke1 $11 {and White is okay.}) 77... Be2 78. Bd7 $2 {[#]} (78. Bf7 Ke4 79. c5) 78... Bd3+ $2 (78... Bxc4 $1 $19 {[%mdl 512]} 79. Be6 (79. bxc4 b3+) 79... Be2) 79. Kd1 Be4 80. Ke2 (80. Be6 $1 $11) 80... Bc2 $17 81. c5 $2 {[%mdl 8192]} (81. Ba4 $17) 81... Bxb3 $19 82. c6 Bc4+ {Black mates.} 83. Kf3 b3 84. c7 b2 85. c8=Q b1=Q {[%csl Gd4][%cal Rb1e4]} 86. Bc6 Qf1+ 0-1

[Event "ISR-chT 2020"]
[Site "Israel"]
[Date "2020.02.14"]
[Round "7.30"]
[White "Botvinnik, Mikhail"]
[Black "Krayz, Alexander"]
[Result "1/2-1/2"]
[WhiteElo "2348"]
[BlackElo "2359"]
[Annotator "TA"]
[PlyCount "35"]
[EventDate "2020.01.10"]
[EventType "team-tourn"]
[EventCountry "ISR"]
[SourceTitle "playchess.com"]
[Source "ChessBase"]
[SourceQuality "1"]

{[%evp 15,35,-7,39,9,34,22,31,18,20,11,12,12,24,14,0,0,0,0,14,0,4,7]} 1. c4 c5 2. Nc3 Nf6 3. g3 e6 4. Nf3 b6 5. Bg2 Bb7 6. O-O Be7 7. b3 O-O 8. Bb2 d6 9. Re1 {A30: Symmetrical English: Double Fianchetto and Hedgehog.} a6 10. e3 Nbd7 11. d4 {White is slightly better.} Ne4 12. Qc2 Nxc3 13. Bxc3 {[#]} Rb8 $146 ({Predecessor:} 13... Qc7 14. d5 exd5 15. cxd5 Bxd5 16. Ng5 Bxg5 17. Bxd5 Rae8 18. Be4 h6 19. Rad1 Bf6 {½-½ (40) Carstens,M (2160)-Hoegerl,F (2107) DESC email 2004}) 14. Rad1 cxd4 {The position is equal.} 15. exd4 d5 16. Ne5 Nf6 17. a4 a5 18. Qd2 {Accuracy: White = 89%, Black = 100%.} 1/2-1/2

[Event "ISR-chT 2020"]
[Site "Israel"]
[Date "2020.02.14"]
[Round "7.31"]
[White "Postny, Evgeny"]
[Black "Sutovsky, Emil"]
[Result "1/2-1/2"]
[WhiteElo "2608"]
[BlackElo "2643"]
[Annotator "TA"]
[PlyCount "62"]
[EventDate "2020.01.10"]
[EventType "team-tourn"]
[EventCountry "ISR"]
[SourceTitle "playchess.com"]
[Source "ChessBase"]
[SourceQuality "1"]

{[%evp 11,62,29,41,38,33,13,14,8,8,0,37,10,12,13,24,23,28,39,25,22,42,25,33,29,30,46,26,31,23,37,37,35,30,25,56,5,20,10,0,0,0,0,0,0,0,0,0,0,0,0,0,0,0]} 1. d4 Nf6 2. c4 g6 3. Nf3 Bg7 4. e3 O-O 5. Be2 d6 6. Nc3 Nc6 7. d5 {E61: King's Indian: Early deviations for White, including Smyslov System.} Nb4 8. a3 Na6 {[#]} 9. Ra2 $146 (9. Nd4 e5 10. dxe6 fxe6 11. O-O c6 12. b4 Nc7 13. Bb2 a5 14. Nb3 axb4 15. axb4 Rxa1 16. Qxa1 {0-1 (44) Postny,E (2623)-Sutovsky,E (2628) Israel 2019}) ({Predecessor:} 9. Nd4 e5 10. dxe6 fxe6 11. O-O e5 12. Nb3 c6 13. e4 Nc7 14. f4 Ne6 15. f5 {½-½ (59) Caruana,F (2784)-Carlsen,M (2843) Karlsruhe/Baden-Baden 2018}) 9... Nc5 10. b4 Nfe4 (10... Nce4 $5 {[%cal Re4c3]} 11. Bb2 Nxc3 12. Bxc3 e5 $11) 11. Nb1 Nd7 12. Bb2 Bxb2 13. Rxb2 e5 14. dxe6 fxe6 15. O-O Qf6 16. Qc1 a5 17. Bd3 Ng5 $1 {[%cal Rg5f3]} 18. Nxg5 Qxg5 19. Nc3 axb4 20. axb4 Nf6 21. f4 Qh6 22. Be2 Bd7 23. Bf3 (23. b5 $14) 23... Bc6 $11 {The position is equal.} 24. Bxc6 bxc6 25. b5 Qh5 26. bxc6 Qc5 {[%mdl 64] [#] Double Attack} 27. Nb5 Qxc6 28. Nd4 Qe4 29. Re1 Ra3 30. Qb1 Re8 31. Qxe4 Nxe4 {Accuracy: White = 96%, Black = 89%.} 1/2-1/2

[Event "ISR-chT 2020"]
[Site "Israel"]
[Date "2020.02.14"]
[Round "7.32"]
[White "Eljanov, Pavel"]
[Black "Rodshtein, Maxim"]
[Result "1-0"]
[WhiteElo "2656"]
[BlackElo "2628"]
[Annotator "TA"]
[PlyCount "61"]
[EventDate "2020.01.10"]
[EventType "team-tourn"]
[EventCountry "ISR"]
[SourceTitle "playchess.com"]
[Source "ChessBase"]
[SourceQuality "1"]

{[%evp 11,61,25,38,20,34,31,35,31,35,23,31,31,31,29,34,37,29,26,43,0,3,12,27,0,0,0,140,119,135,122,141,134,145,114,161,169,213,125,125,119,206,83,78,91,220,208,400,398,390,391,808,794]} 1. e4 c6 2. d4 d5 3. exd5 cxd5 4. Bd3 Nc6 5. c3 Qc7 6. h3 g6 7. Ne2 {B13: Caro-Kann: Exchange Variation and Panov-Botvinnik Attack.} Nf6 8. O-O Bf5 9. Bxf5 {White is slightly better.} gxf5 10. Bf4 Qd7 11. Nd2 {[%cal Bb1d2,Bd2f3,Bf3e5][%mdl 32]} e6 12. Nf3 Bd6 13. Ne5 Qc7 {[%cal Rc6e5] [#]} 14. Qa4 $146 ({Predecessor:} 14. Nd3 Bxf4 15. Nexf4 O-O-O 16. Re1 Rhg8 17. Qe2 Kb8 18. a4 Rg5 19. Ne5 Rdg8 {½-½ (19) Degraeve,J (2544)-Medvegy,Z (2556) Germany 2008}) 14... Rg8 15. Rac1 Nd7 {[%cal Rd7e5]} 16. Nxd7 Qxd7 17. Bxd6 Qxd6 18. b4 {[%cal Bb2b4,Bb4b5][%mdl 32]} Ke7 (18... Qd8 $11) 19. b5 $16 Nb8 {[#]} 20. c4 $1 dxc4 21. Qxc4 Nd7 {[#]} 22. d5 $1 {[%mdl 512]} exd5 (22... Qxd5 23. Qh4+) 23. Qh4+ Kf8 24. Qxh7 (24. Ng3 $18 Ne5 25. Qf4 (25. Qxh7 f4 $14)) 24... Re8 25. Nd4 f4 (25... Qg6 $16 26. Qxg6 fxg6) 26. Rfe1 (26. Qf5 $18 {is the precise move to win.}) 26... Rxe1+ 27. Rxe1 {Threatens to win with Rc1.} Qf6 (27... Qg6 $16 28. Qxg6 Rxg6) 28. Rc1 $18 {Rc8+ is the strong threat.} Nb6 $2 (28... Rg6 {was necessary.} 29. Nf3 Ne5) 29. Rc7 f3 {[#]} 30. Nxf3 $1 {[%mdl 512]} Qf4 $2 {[#]} (30... Qa1+ 31. Kh2 Qg7 32. Qxg7+ Kxg7 33. Rxb7 Ra8) (30... Qxf3 31. Qxg8+) 31. Ne5 $1 {[%mdl 512] Accuracy: White = 69%, Black = 50%.} 1-0

[Event "ISR-chT 2020"]
[Site "Israel"]
[Date "2020.02.14"]
[Round "7.33"]
[White "Steinberg, Nitzan"]
[Black "Smirin, Ilia"]
[Result "1/2-1/2"]
[WhiteElo "2542"]
[BlackElo "2607"]
[Annotator "TA"]
[PlyCount "80"]
[EventDate "2020.01.10"]
[EventType "team-tourn"]
[EventCountry "ISR"]
[SourceTitle "playchess.com"]
[Source "ChessBase"]
[SourceQuality "1"]

{[%evp 24,80,20,18,31,31,27,17,31,29,34,31,31,31,39,41,75,79,75,71,71,33,33,33,33,33,33,33,33,14,14,7,15,0,0,0,33,19,18,18,16,14,23,20,44,0,0,0,0,0,0,0,0,0,0,0,0,0,0]} 1. e4 c5 2. Nf3 d6 3. Bb5+ Bd7 4. Bxd7+ Qxd7 5. c4 Nc6 6. Nc3 e6 7. O-O Nf6 8. d4 cxd4 9. Nxd4 Be7 10. b3 O-O 11. Bb2 a6 12. Nxc6 Qxc6 13. Qe2 Rfe8 {B52: Sicilian: Moscow Variation with 3...Bd7.} 14. Rac1 {[%cal Ba1c1,Bc1c2,Bc2d2][%mdl 32]} Nd7 15. Rfd1 {[#]} Rac8 $146 ({Predecessor:} 15... h6 16. Rc2 Rab8 17. Bc1 Rbc8 18. Bf4 Nf8 19. f3 d5 20. cxd5 exd5 21. Rxd5 Ne6 {½-½ (31) Cosentino,A (1975)-Vodicka,M (2121) ICCF email 2015}) 16. g3 Nc5 17. f3 Bf6 18. Rc2 Be5 19. Kg2 Nd7 20. Rcd2 {aiming for f4.} Nc5 21. Nb1 {[%cal Bc3b1,Bb1a3,Ba3c2][%mdl 32]} Qb6 22. Bxe5 dxe5 23. Rd6 Rc6 24. Rxc6 bxc6 25. Na3 a5 26. Nc2 Rd8 27. Rd2 h6 28. Qe3 {[#] Strongly threatening Rxd8+.} Rxd2+ 29. Qxd2 Qc7 30. h4 f5 31. exf5 exf5 32. Ne3 g6 33. h5 f4 34. gxf4 ({Much worse is} 34. hxg6 fxe3 35. Qxe3 Nd7 $17) (34. Ng4 $5 {[%cal Rh5g6]} gxh5 35. Nf6+ (35. Nxh6+ Kg7 $11) 35... Kf8 36. Nxh5 $14) 34... exf4 {The position is equal.} 35. Ng4 ({Don't play} 35. hxg6 fxe3 36. Qxe3 Qd6 $17) 35... gxh5 36. Nf6+ {[%mdl 64] [#] Double Attack} Kf7 37. Nxh5 Ne6 $1 38. Qd3 {Black must now prevent Qh7+.} Qe5 39. Qh7+ Ke8 40. Qxh6 Qe2+ {Accuracy: White = 92%, Black = 96%.} 1/2-1/2

[Event "ISR-chT 2020"]
[Site "Israel"]
[Date "2020.02.14"]
[Round "7.34"]
[White "Gulko, Boris"]
[Black "Roiz, Michael"]
[Result "1-0"]
[WhiteElo "2537"]
[BlackElo "2598"]
[Annotator "TA"]
[PlyCount "115"]
[EventDate "2020.01.10"]
[EventType "team-tourn"]
[EventCountry "ISR"]
[SourceTitle "playchess.com"]
[Source "ChessBase"]
[SourceQuality "1"]

{[%evp 9,115,28,29,20,35,29,31,23,14,14,25,33,40,15,23,20,14,24,28,18,21,13,30,22,41,41,69,60,58,63,64,48,62,16,23,3,38,24,72,75,89,78,70,59,66,63,75,67,108,104,184,187,268,267,262,202,201,195,242,197,291,291,278,273,285,277,212,170,158,150,192,160,252,256,244,176,158,75,217,111,203,70,179,167,170,177,137,59,64,64,103,0,0,0,8,8,800,792,1056,1052,1005,1005,29983,3310,1270,1045,5110,787]} 1. d4 Nf6 2. c4 c6 3. Bf4 Nh5 4. Bd2 Nf6 5. Nc3 d5 6. e3 {A50: Queen's Fianchetto Defence (1 d4 Nf6 2 c4 b6).} g6 7. Nf3 Bg7 8. Bd3 {[#] White is slightly better.} O-O $146 ({Predecessor:} 8... Nbd7 9. O-O O-O 10. Re1 Qc7 11. h3 dxc4 12. Bxc4 e5 13. Rc1 exd4 14. exd4 Nb6 {0-1 (46) Noskov,A (1849)-Golenev,R (2106) Perm 2010}) 9. O-O dxc4 10. Bxc4 Bg4 11. h3 Bxf3 $1 12. Qxf3 Nbd7 13. Rad1 e5 14. Bb3 Qe7 15. dxe5 Nxe5 16. Qe2 $1 Rad8 17. e4 Ned7 18. Bg5 h6 19. Bh4 {Strongly threatening f4.} g5 20. Bg3 {Threatens to win with Bd6.} Ne5 21. Qe3 Nh5 22. Bh2 b6 23. Ne2 Rxd1 24. Rxd1 {aiming for Nd4.} Rd8 25. Rxd8+ Qxd8 26. g4 {Bxe5 is the strong threat.} Nf4 $1 27. Nxf4 gxf4 28. Bxf4 Qf6 29. Bg3 Nf3+ (29... Qf3 $16 {was worth a try.}) 30. Kf1 $18 Nd4 (30... Kf8 $142 31. Bb8 c5 32. Bxa7 Nd4) 31. e5 Qd8 32. Bc4 b5 33. Bd3 c5 34. Be4 Qa5 (34... Ne6 $142 35. Kg2 Qd1) 35. Bd5 Qa4 36. Qd3 Ne6 37. Qb3 Qa6 38. a3 c4 39. Qc3 Nc5 40. Qe3 Ne6 (40... Bf8 $16 {was called for.} 41. Qf3 Qg6) 41. Kg2 Bf8 42. Bh4 Qc8 43. Bf6 (43. f4 $142) 43... Qd7 (43... Qc5 $16 44. Be4 Qxe3 45. fxe3 Nc5) 44. Be4 (44. Bxe6 $1 $18 fxe6 45. Qe4) 44... a5 (44... Ng5 $16 {is a better defense.} 45. Bf5 (45. Bxg5 hxg5 46. Qxg5+ Bg7 $16) 45... Qd5+ 46. Kg3 Bc5) 45. h4 ({Only move:} 45. Qf3 $1 $18 {[%cal Rf3f5] And now Qf5! would win.} Bg7 46. Bxg7 Nxg7 47. Bc6) 45... b4 (45... Qd1 $1 $14) 46. axb4 $40 {[%mdl 128] White goes for the king.} axb4 {[#]} 47. Qf3 $1 {[%cal Rf3f5]} Bg7 {[#]} 48. g5 (48. Bxg7 $1 $16 Nxg7 49. Bd5) 48... hxg5 $1 $14 49. hxg5 Qd2 50. Qf5 (50. g6 $16 {Black must now prevent gxf7+.} Nf4+ 51. Kg3 Bxf6 52. Qxf4 (52. exf6 Nxg6 53. Qf5 Qxb2 $11) 52... Qxf4+ 53. Kxf4) 50... Bxf6 $11 51. gxf6 {Intending Qh7+ and mate.} Kf8 52. Qg4 Qh6 $2 {[%mdl 8192]} ({But not} 52... Qxb2 $2 53. Bh7 $18) (52... Qg5 $11 53. Qxg5 Nxg5) 53. Bf5 $18 Nf4+ 54. Kf3 Nd5 55. Qxc4 {[%cal Rc4c8]} Qh1+ 56. Ke2 (56. Kg4 $142 Nxf6+ 57. exf6 Qg1+ 58. Kh5 Qh1+ 59. Kg5 Qg2+ 60. Bg4 Qb7 61. Qc5+ Kg8 62. Kh6) 56... Qh5+ 57. Qg4 Qh6 {[#]} 58. Bh7 $1 {[%mdl 512] Accuracy: White = 63%, Black = 46%.} 1-0

[Event "ISR-chT 2020"]
[Site "Israel"]
[Date "2020.02.14"]
[Round "7.35"]
[White "Greenfeld, Alon"]
[Black "Kantsler, Boris"]
[Result "1-0"]
[WhiteElo "2510"]
[BlackElo "2438"]
[Annotator "TA"]
[PlyCount "61"]
[EventDate "2020.01.10"]
[EventType "team-tourn"]
[EventCountry "ISR"]
[SourceTitle "playchess.com"]
[Source "ChessBase"]
[SourceQuality "1"]

{[%evp 23,61,31,47,10,30,27,29,28,49,50,50,41,52,38,43,43,51,71,56,54,79,79,87,78,81,81,81,84,172,85,69,71,538,538,523,511,665,665,665,665]} 1. d4 d6 2. Nf3 g6 3. g3 Bg7 4. Bg2 Nf6 5. c4 O-O 6. Nc3 Nbd7 {[%cal Bb8d7,Bd7c5,Bc5a4][%mdl 32]} 7. O-O e5 8. e4 exd4 9. Nxd4 Re8 10. h3 Nc5 11. Re1 Bd7 {is now more promising than 11...a5.} 12. Rb1 a6 13. Nb3 {[#] E68: King's Indian: Fianchetto: 6...Nbd7 7 0-0 e5 8 e4.} Na4 $146 ({Predecessor:} 13... Nxb3 14. axb3 Qc8 15. Kh2 Re5 16. f4 Rh5 17. f5 Bxf5 18. exf5 Qxf5 19. Ne4 Nxe4 20. Rxe4 Rxh3+ 21. Bxh3 Qxe4 {½-½ (37) Spassov,L (2405)-Sirigos,N Peristeri 1992}) 14. Bd2 Rb8 15. c5 {White has an edge.} Bc6 16. Na5 Nxc3 17. Bxc3 dxc5 {[%cal Rc6e4]} 18. Nxc6 bxc6 19. Qa4 Nd7 20. Rbd1 Bxc3 21. bxc3 Qe7 22. e5 $1 ({Much weaker is} 22. Qxa6 Ra8 $11) ({Don't play} 22. Qxc6 Ne5 $11) 22... Nb6 23. Qxc6 Rbd8 24. Rxd8 Rxd8 25. a4 Qd7 {[#]} (25... a5 $16) 26. Qxc5 (26. Qf6 $1 $18 {and White stays clearly on top.}) 26... Nxa4 $16 27. Qc4 {aiming for e6.} c5 $2 {[%mdl 8192]} (27... Nb6 $16 28. Qxa6 Qd2) 28. e6 $18 {White is clearly winning.} fxe6 29. Rxe6 Qf7 {[#]} 30. Re8+ $3 {[%mdl 576] Deflection} Rxe8 {[#]} 31. Bd5 $1 {Accuracy: White = 83%, Black = 55%.} 1-0

[Event "ISR-chT 2020"]
[Site "Israel"]
[Date "2020.02.14"]
[Round "7.36"]
[White "Golod, Vitali"]
[Black "Huzman, Alexander"]
[Result "1/2-1/2"]
[WhiteElo "2503"]
[BlackElo "2567"]
[Annotator "TA"]
[PlyCount "36"]
[EventDate "2020.01.10"]
[EventType "team-tourn"]
[EventCountry "ISR"]
[SourceTitle "playchess.com"]
[Source "ChessBase"]
[SourceQuality "1"]

{[%evp 18,36,0,-3,0,-2,0,0,0,0,0,0,0,-2,-7,-16,0,5,0,-6,-6]} 1. d4 Nf6 2. Nf3 g6 3. Bf4 Bg7 4. e3 d6 5. h3 O-O 6. Be2 c5 7. c3 Qb6 8. Qb3 Be6 9. Qxb6 axb6 10. a3 {The position is equal.} cxd4 {10...Bd5 gains popularity. A48: 1 d4 Nf6 2 Nf3 g6: Torre, London and Colle Systems.} 11. cxd4 {[#]} Rc8 $146 ({Predecessor:} 11... Nd5 12. Bg3 Nb4 13. Kd2 N8c6 14. Ng5 Bb3 15. Bd1 Bc4 16. b3 Bd3 17. Nc3 Bf5 18. Bg4 {½-½ (49) Pino Munoz,F (2285)-Kubicki,T (2441) ICCF email 2015}) 12. Nc3 Nd5 13. Nxd5 Bxd5 14. O-O Nc6 {[%cal Bb8c6,Bc6a5,Ba5c4][%mdl 32]} 15. Rfd1 Na5 16. Rac1 Bb3 17. Re1 Bc4 18. Bxc4 Nxc4 1/2-1/2